| 000 | 01009cam a2200301La 4500 | ||
|---|---|---|---|
| 001 | 47495 | ||
| 005 | 20230410101841.0 | ||
| 008 | 830728s1981 dr b 001 0dspa | ||
| 010 | _a 82115205 | ||
| 035 | _a(OCoLC)ocm15933184 | ||
| 040 |
_aDLC _cMNU |
||
| 035 | _a(OCoLC)15933184 | ||
| 050 | 1 | 4 |
_a118 BX 8331 _bL817c 1981 |
| 043 | _anwdr--- | ||
| 100 | 1 | _aLockward, George A. | |
| 245 | 1 | 0 |
_aCorrespondencia de Tindall : _bprimer misionero Protestante en Dominicana / _cGeorge A. Lockward. |
| 260 |
_aSanto Domingo, R.D. : _bEditora educativa Dominicana, _c1981. |
||
| 300 | _a160 p. ; 21 cm. | ||
| 490 | 1 |
_aPublicaciones de la Universidad CETEC. Seria historia ; _v1 |
|
| 504 | _aBibliography: p. 150-152. | ||
| 600 | 1 | 0 |
_aTindall, John _vCorrespondence. |
| 650 | 0 |
_aMethodist Church _zDominican Republic. |
|
| 650 | 0 |
_aMethodist Church _xMissions. |
|
| 830 | 0 |
_aPublicaciones de la Universidad CETEC. _pSeria historia ; _v1 |
|
| 942 |
_2lcc _cbk |
||
| 946 | _ajoacosta | ||
| 994 |
_aC0 _bDRFGD |
||
| 999 |
_c14983 _d14983 |
||